Modern-Day Countries of the Abbasid Caliphate - Statistics

General Stats
  • This quiz has been taken 120 times
    108 since last reset
  • The average score is 19 of 22
Answer Stats
Answer % Correct
Iraq
97%
Iran
96%
Saudi Arabia
95%
Turkey
95%
Egypt
94%
Israel
94%
Lebanon
92%
Algeria
91%
Armenia
91%
Pakistan
91%
Afghanistan
90%
Libya
90%
Syria
90%
Tunisia
87%
Azerbaijan
83%
Uzbekistan
83%
Jordan
82%
Turkmenistan
82%
Kyrgyzstan
78%
Tajikistan
76%
Italy
64%
Eritrea
46%
No matching quizzes found
Score Distribution
Percent of People with Each Score
Percentile by Number Answered
Your Score History
You have not taken this quiz since the last reset